000 01879nam a2200349 a 4500
001 BRCA_3082
005 20190320204113.0
008 270109s1826----fr-a---###---#000-0dfre-u
041 _afre
044 _afr
084 _a388
_b.L84
_c1826
100 1 _aCervantes Saavedra, Miguel de
_d1547-1616
_9213
245 1 0 _aHistoire de Don Quichotte de la Manche
_cMiguel de Cervantes Saavedra.
260 _aParís
_bLugan
_c1826
300 _a8 v.
_bil.
_c11 cm.
500 _aContenido : v 1. Primera parte. Retrato de Cervantes. Vida de Cervantes por Florian. Prólogo del autor. Texto. -- v 2. Texto. -- v 3. Texto. Segunda parte. Texto. -- v 4. Texto. -- v 5. Texto. -- v 6. Texto. Continuación del traductor. -- v 7. Continuación del traductor. -- v 8. Continuación del traductor
500 _aEdición : Traduction de Filleau de Saint-Martin. Edition mignonne
500 _aContiene esta edición la Vida de Cervantes, escrita por Florian y el prólogo de Saint-Martin. El retrato de Cervantes, coia de Deveria, está grabado mal por Legrand. Las láminas son poco apreciables. La impresión, en cambio, es muy buena. Piel; lomeras decoradas con dorados Lúdovik Osterc
500 _aEstado físico : En esa edición el volúmen uno y cuatro presentan el lomo deteriorado
500 _aQM311
546 _aTexto en : francés
650 1 4 _aNovela española
_yÉpoca clásica, 1500-1700
_9215
650 1 4 _aLiteratura española
_yÉpoca clásica, 1500-1700
_9216
650 1 4 _aNovela española
_ySiglo XVII
_9217
650 1 4 _aDon Quijote (Personaje ficticio)
_eNovela
_9218
700 1 _aSaint-Martin, Francois Filleau de
_d1632-1695
_eTraductor
_98417
700 1 _aFlorian, Jean-Pierre Claris de
_d1755-1794
_eBiógrafo
_98418
700 1 _aDevería
_eIlustrador
_98419
740 0 _aEl Ingenioso Hidalgo Don Quijote de la Mancha
902 _aQFM
942 _2lcc
_cB
999 _c2818
_d2818